Online Public Access Catalog -OPAC

Advances in catalysis and related subjects (Record no. 7500)

MARC details
000 -LEADER
fixed length control field 00440nam a2200133Ia 4500
008 - FIXED-LENGTH DATA ELEMENTS--GENERAL INFORMATION
fixed length control field 180412s9999||||xx |||||||||||||| ||und||
020 ## - INTERNATIONAL STANDARD BOOK NUMBER
International Standard Book Number 120078228
040 ## - CATALOGING SOURCE
Original cataloging agency Ahmadu Bello University Library - Zaria
050 ## - LIBRARY OF CONGRESS CALL NUMBER
Classification number QD 505
100 ## - MAIN ENTRY--PERSONAL NAME
Personal name Eley, D.D.
245 #0 - TITLE STATEMENT
Title Advances in catalysis and related subjects
Statement of responsibility, etc. edited by d.D. Eley, Herman Pines and Paul B. Weisz
260 ## - PUBLICATION, DISTRIBUTION, ETC.
Place of publication, distribution, etc. New York
Name of publisher, distributor, etc. Academic Press
Date of publication, distribution, etc. 1972
300 ## - PHYSICAL DESCRIPTION
Extent Vol. 22.
700 ## - ADDED ENTRY--PERSONAL NAME
Personal name Pines, Herman;Weisz, Paul B.

No items available.

Customized by ICT Technical Service Unit on 29th Dec 2022

Kashim Ibrahim Library